When the harvest is in developing rural entrepreneurship (Record no. 2073)

MARC details
000 -LEADER
fixed length control field 00586nam a22001457a 4500
020 ## - INTERNATIONAL STANDARD BOOK NUMBER
ISBN 1853390033x
050 ## - CALL NUMBER
Classification number HC437
100 ## - AUTHOR
Personal name Vyakarnam, Shailendra Edited
245 ## - TITLE
Title When the harvest is in developing rural entrepreneurship
Statement of responsibility, etc Edited by Vyakarnam, Shailendra
260 ## - PUBLICATION INFORMATION
Name of publisher Intermediate Technology Publications
Year of publication London
300 ## - DESCRIPTION
Number of Pages x,278p.
Other physical details ill.
Dimensions 24cm.
500 ## - NOTES
General note Includes bibliographical reference
505 ## - FORMATTED CONTENTS NOTE
Table of Content 1. Introduction<br/>2. The role of development agencies<br/>3. Rural communities stating their needs<br/>4. Voluntarism in development<br/>5. The way forward
942 ## - ADDED ENTRY ELEMENTS (KOHA)
Koha item type Books
Holdings
Withdrawn status Lost status Collection code Home library Current library Shelving location Date acquired Full call number Accession Number Copy number Koha item type
    Reference Methodist University Library Main Methodist University Library Main General Stacks   HC437 27653 1 Books
Copyright © 2026  MUG Library